[Event "TCh-HUN 2008-9"]
[Site "Nagykanizsa HUN"]
[Date "2008.11.02"]
[Round "2"]
[White "Horvath,Ad1"]
[Black "Markus,Rob"]
[Result "1/2-1/2"]
[WhiteElo "2514"]
[BlackElo "2616"]

1.e4 c5 2.Nf3 e6 3.d4 cxd4 4.Nxd4 Nc6 5.Nc3 Qc7 6.Be2 Nf6 7.O-O Be7 8.Kh1 O-O
9.f4 d6 10.Be3 Nxd4 11.Qxd4 e5 12.Qd3 b6 13.Rad1  1/2-1/2

[Event "21st Belgrade Trophy"]
[Site "Obrenovac SRB"]
[Date "2008.11.02"]
[Round "6"]
[White "Adamovic,S"]
[Black "Stojkovska,M"]
[Result "1/2-1/2"]
[WhiteElo "2025"]
[BlackElo "1865"]

1.e4 c5 2.Nf3 e6 3.d4 cxd4 4.Nxd4 Nc6 5.Nc3 a6 6.Be3 Qc7 7.Be2 Nf6 8.f3 Bb4
9.O-O Nxd4 10.Qxd4 Bxc3 11.bxc3 O-O 12.Bg5 e5 13.Qd2 d6 14.Bxf6 gxf6 15.Qh6 Qe7
16.f4 Kh8 17.Rf3 Rg8 18.f5 Bd7 19.Rh3 Rg7 20.c4 Bc6 21.Rh4 b5 22.a4 bxa4
23.Ra3 Rb8 24.Kf2 Qa7+ 25.Ke1 Rb1+ 26.Kd2 Qd4+ 27.Rd3 Qb2 28.Re3 Qd4+ 29.Rd3 Qb2
30.Re3 Qd4+ 31.Rd3 Qb2  1/2-1/2

[Event "TCh-HUN 2008-9"]
[Site "Paks HUN"]
[Date "2008.11.02"]
[Round "2"]
[White "Szabo,Krisz1"]
[Black "Dovzik,J"]
[Result "1-0"]
[WhiteElo "2520"]
[BlackElo "2374"]

1.e4 c5 2.Nf3 e6 3.d4 cxd4 4.Nxd4 Nc6 5.Nc3 Nf6 6.Ndb5 Bb4 7.a3 Bxc3+ 8.Nxc3 d5
9.exd5 exd5 10.Bd3 O-O 11.O-O d4 12.Ne2 Bg4 13.f3 Bh5 14.Nf4 Bg6 15.Nxg6 hxg6
16.f4 Ne7 17.Qf3 Qd5 18.Bd2 Rfe8 19.Rae1 Nf5 20.Qxd5 Nxd5 21.g3 Rac8 22.Rxe8+ Rxe8
23.Re1 Rc8 24.Re2 Nde3 25.Bc1 a6 26.Kf2 b5 27.Kf3 Nd5 28.g4 Nfe3 29.Ke4 Nf6+
30.Kxd4 Nexg4 31.c4 Nh6 32.b3 Nf5+ 33.Kc3 a5 34.Re5 Nd6 35.a4 bxa4 36.bxa4 Nb7
37.Rb5 Nc5 38.Rxa5 Nd5+ 39.cxd5 Nb7+ 40.Kb4 Nxa5 41.Be3 Nb7 42.Ba6 Re8 43.Bxb7 Rxe3
44.a5 Re2 45.a6 Ra2 46.Kc5 Kf8 47.Kb6 Rb2+ 48.Kc7 Rc2+ 49.Bc6 Ra2 50.d6 Rxa6
51.d7  1-0

[Event "12th OIBM"]
[Site "Bad Wiessee GER"]
[Date "2008.11.03"]
[Round "3"]
[White "Reutsky,S"]
[Black "Quinn,Joh"]
[Result "1-0"]
[WhiteElo "2411"]
[BlackElo "2136"]

1.e4 c5 2.Nf3 e6 3.d4 cxd4 4.Nxd4 Nc6 5.Nc3 Qc7 6.Be3 a6 7.Qd2 Nf6 8.O-O-O Bb4
9.f3 Ne5 10.Nb3 b5 11.Qe1 Be7 12.f4 Ng6 13.e5 Ng4 14.Ne4 O-O 15.Bc5 Bb7 16.Bxe7 Nxe7
17.Nd6 Nd5 18.Rd3 f6 19.Rg3 Nh6 20.Na5 Bc6 21.Nxc6 Qxc6 22.Bd3 Qc5 23.Ne4 Qc7
24.exf6 g6 25.Rf3 Nxf4 26.Rhf1 Nxd3+ 27.Rxd3 Rac8 28.Rc3 Qxh2 29.f7+ Nxf7
30.Nf6+ Kg7 31.Rh3 Rxc2+ 32.Kd1 Qxh3 33.gxh3 Rfc8 34.Qe3 Rxb2 35.Ne8+  1-0

[Event "21st Belgrade Trophy"]
[Site "Obrenovac SRB"]
[Date "2008.11.04"]
[Round "8"]
[White "Matejic,D"]
[Black "Milosavljevic,D"]
[Result "1-0"]
[WhiteElo "1918"]
[BlackElo "2111"]

1.e4 c5 2.Nf3 e6 3.d4 cxd4 4.Nxd4 Nc6 5.Nc3 Nf6 6.a3 Qa5 7.Nb3 Qc7 8.Be3 a6
9.f4 d6 10.Be2 b5 11.Bf3 Bb7 12.O-O Be7 13.Qe2 O-O 14.Rad1 Nd7 15.Qf2 Rab8
16.Kh1 Ba8 17.Ne2 b4 18.a4 Na5 19.Nxa5 Qxa5 20.Nd4 Nc5 21.e5 dxe5 22.fxe5 Qxa4
23.Qg3 Rfd8 24.Bh5 g6 25.h4 Ne4 26.Qf4 f5 27.exf6 Bd6 28.f7+ Kh8 29.Qh6 Ng3+
30.Kg1 Bf8 31.Qg5 Nxh5 32.Nxe6 Rxd1 33.Rxd1 Qc6 34.Bd4+ Ng7 35.Bxg7+ Bxg7
36.Rd8+ Bf8 37.Rxb8 Qxe6 38.Rxf8+ Kg7 39.Rxa8 Kxf7 40.Ra7+ Ke8 41.Qf4 Qb6+
42.Qf2  1-0

[Event "21st Belgrade Trophy"]
[Site "Obrenovac SRB"]
[Date "2008.11.05"]
[Round "9"]
[White "Nestorovic,L"]
[Black "Clitan,Z"]
[Result "1-0"]
[WhiteElo "2245"]
[BlackElo "2045"]

1.e4 c5 2.Nf3 e6 3.d4 cxd4 4.Nxd4 Nc6 5.Nc3 Qc7 6.Be3 a6 7.Bd3 Nf6 8.O-O Bd6
9.h3 Bf4 10.Qd2 Bxe3 11.fxe3 Ne5 12.Qf2 Ng6 13.Nf3 O-O 14.Kh1 Qc5 15.Qg3 Nh5
16.Qf2 Nf6 17.Rad1 d6 18.Ne2 b5 19.Ng3 Bb7 20.Qe2 Rac8 21.Rf2 h5 22.Nd4 Qe5
23.Nf1 Nxe4 24.Bxe4 Bxe4 25.c3 h4 26.Nd2 Bb7 27.N4f3 Qg3 28.Qf1 Bxf3 29.Rxf3 Qg5
30.Qe2 Ne5 31.Rf4 Nc4 32.Nf3 Qc5 33.e4 Qe3 34.Qxe3 Nxe3 35.Re1 Nc4 36.Re2 Ne5
37.Rxh4 Ng6 38.Rg4 Rfd8 39.Rg3 d5 40.e5 Rc4 41.Nd4 b4 42.Nxe6 Re8 43.Nd4 bxc3
44.bxc3 Rxe5 45.Rb2 Re8 46.Nf5 Rf4 47.Ne3 d4 48.cxd4 Rxd4 49.Kh2 Rde4 50.Nd5 Re2
51.Rxe2 Rxe2 52.Ra3 Rd2 53.Ne3 Rd6 54.Kg3 Kf8 55.Rb3 Rc6 56.Nd5 Ne7 57.Ne3 g6  1-0

[Event "21st Belgrade Trophy"]
[Site "Obrenovac SRB"]
[Date "2008.11.05"]
[Round "9"]
[White "Illijin,N"]
[Black "Andrijevic,M"]
[Result "0-1"]
[WhiteElo "2256"]
[BlackElo "2367"]

1.e4 c5 2.Nf3 e6 3.d4 cxd4 4.Nxd4 Nc6 5.Nc3 Qc7 6.Be2 a6 7.O-O Nf6 8.Kh1 Be7
9.f4 d6 10.Be3 O-O 11.Bf3 Re8 12.g4 Nxd4 13.Bxd4 e5 14.Be3 exf4 15.Bxf4 Be6
16.g5 Nd7 17.Bg2 Bf8 18.Qf3 Bc4 19.Rf2 Ne5 20.Qg3 b5 21.Rd1 Rad8 22.Rfd2 Rc8
23.Bh3 Rb8 24.Bg2 b4 25.Bxe5 Rxe5 26.Nd5 Bxd5 27.exd5 Qe7 28.h4 g6 29.Rf1 Bg7
30.Rdf2 Rf8 31.Qg4 a5 32.c4 bxc3 33.bxc3 h6 34.gxh6 Bxh6 35.Rf5 Rxf5 36.Rxf5 Bg7
37.Rf3 Bxc3 38.Bf1 Qe5 39.h5 Kg7 40.Bd3 Qxh5+ 41.Qxh5 gxh5 42.Rh3 Rh8 43.Be2 Be5
44.Rxh5 Rc8 45.Bd3 Rc3 46.Be4 Rc1+ 47.Kg2 Ra1 48.Rg5+ Kf8 49.Kf3 Rxa2 50.Rg1 a4
51.Rb1 a3 52.Rb8+ Kg7 53.Ra8 Bd4 54.Bd3 Bc5  0-1

[Event "12th OIBM"]
[Site "Bad Wiessee GER"]
[Date "2008.11.06"]
[Round "6"]
[White "Kummerow,H"]
[Black "Bachmann,Ax"]
[Result "0-1"]
[WhiteElo "2357"]
[BlackElo "2555"]

1.e4 c5 2.Nf3 e6 3.d4 cxd4 4.Nxd4 Nc6 5.Nc3 Qc7 6.Be3 a6 7.Bd3 Nf6 8.O-O d6
9.f4 Be7 10.Qf3 Bd7 11.Kh1 h5 12.Rae1 h4 13.Nxc6 Bxc6 14.Qh3 b5 15.a3 Qb7
16.Bd2 Nd7 17.Re2 Nc5 18.e5 Nxd3 19.cxd3 dxe5 20.fxe5 Rh5 21.Qg4 h3 22.Qxh5 hxg2+
23.Kg1 gxf1=R+ 24.Kxf1 Bf3 25.Qh8+ Kd7 26.Qxg7 Bxe2+ 27.Kxe2 Qb8 28.Ne4 Qg8
29.Qh6 Qg4+ 30.Ke3 Rg8 31.Kd4 Qg1+ 32.Kc3 Rc8+ 33.Kb3 Qd4  0-1

[Event "Russia Cup Final"]
[Site "Serpuhov RUS"]
[Date "2008.11.06"]
[Round "1.2"]
[White "Sjugirov,S"]
[Black "Bocharov,D"]
[Result "1-0"]
[WhiteElo "2549"]
[BlackElo "2597"]

1.e4 c5 2.Nf3 e6 3.d4 cxd4 4.Nxd4 Nc6 5.Nc3 Qc7 6.g3 a6 7.Bg2 d6 8.O-O Bd7
9.Nxc6 Bxc6 10.a4 Nf6 11.a5 Be7 12.Be3 Nd7 13.Na4 O-O 14.Nb6 Rae8 15.c4 Nxb6
16.Bxb6 Qc8 17.Qd3 f5 18.b4 fxe4 19.Bxe4 Bxe4 20.Qxe4 Rf5 21.Rad1 Qd7 22.Rfe1 Bf8
23.Qg4 Qf7 24.Rd2 h5 25.Qd4 Rc8 26.Qd3 d5 27.c5 h4 28.Rde2 Rc6 29.Ba7 hxg3
30.hxg3 Rh5 31.Bb8 Rh3 32.Re5 Rc8 33.Ba7 Rh6 34.Qe2 Rc6 35.Kg2 Be7 36.Bb8 Qe8
37.Ba7 Qg6 38.Qf3 Bf6 39.R5e2 Bd4 40.Bb8 Qh7 41.Be5 Bxe5 42.Rxe5 Qc2 43.Qg4 Qh7
44.Qf3 Qc2 45.Rh5 Qg6 46.Rxh6 Qxh6 47.Qg4 Qf6 48.Qh3 Qg6 49.Qh4 Qf6 50.Qg4 Qf7
51.Re3 Qe7 52.Qh5 Qf7 53.Qe5 Qd7 54.Re1 Kf7 55.Qh5+ Ke7 56.Qg5+ Ke8 57.Rh1 Qe7
58.Qg6+ Qf7 59.Rh8+ Ke7 60.Qg5+ Qf6 61.Qh5 Qf7 62.Qe5  1-0

[Event "Russia Cup Final w"]
[Site "Serpuhov RUS"]
[Date "2008.11.06"]
[Round "1.2"]
[White "Solovjova,V"]
[Black "Shlakich,A"]
[Result "1/2-1/2"]
[WhiteElo "2303"]
[BlackElo "2203"]

1.e4 c5 2.Nf3 e6 3.d4 cxd4 4.Nxd4 Nc6 5.Nc3 Qc7 6.Be3 Nf6 7.Qd2 Bb4 8.f3 d5
9.Ndb5 Qa5 10.Rd1 a6 11.a3 Be7 12.Nd4 Nxd4 13.Bxd4 dxe4 14.Nxe4 Qxd2+ 15.Nxd2 O-O
16.Nc4 Nd5 17.Nb6 Nxb6 18.Bxb6 e5 19.Bc4 Bf5 20.c3 e4 21.Bd5 exf3 22.Bxf3 Bd8
23.Rxd8 Raxd8 24.Bxd8 Rxd8 25.Bxb7 Rb8 26.O-O Rxb7 27.Rxf5 Rxb2 28.Ra5 Rb6
29.Kf2 Re6 30.Rd5 g6 31.c4 Kg7 32.Rd3 Kf6 33.a4 Rc6 34.Rc3 Ke5 35.Ke3 f5
36.Rc2 Rd6 37.g3 g5 38.a5 f4+ 39.gxf4+ gxf4+ 40.Kf3 Rd3+ 41.Kg4 f3 42.c5 Kd5
43.c6 f2 44.Rxf2 Kxc6 45.Rf5 Rb3 46.h4 Rb4+ 47.Kh5 Rb5 48.Rg5 Rb4 49.Rf5 Rb5
50.Rg5  1/2-1/2

[Event "12th OIBM"]
[Site "Bad Wiessee GER"]
[Date "2008.11.07"]
[Round "7"]
[White "Cordts,I"]
[Black "Pohle,D"]
[Result "1/2-1/2"]
[WhiteElo "2323"]
[BlackElo "2173"]

1.e4 c5 2.Nc3 Nc6 3.Nf3 e6 4.d4 cxd4 5.Nxd4 a6 6.g3 Qc7 7.Bg2 Nf6 8.O-O Nxd4
9.Qxd4 Bc5 10.Bf4 d6 11.Qd2 h6 12.Rad1 e5 13.Be3 O-O 14.Bxc5 dxc5 15.Qd6 Qxd6
16.Rxd6 Bg4 17.f4 exf4 18.gxf4 Rfd8 19.Rxd8+ Rxd8 20.e5 Nh5 21.Bxb7 Rd4 22.Bxa6 Nxf4
23.Bd3 Nxd3 24.cxd3 Rxd3 25.a4 Re3 26.Rf4 Bd7 27.a5 Rxe5 28.Re4 Rg5+ 29.Kf1 c4
30.Rxc4  1/2-1/2

[Event "Russia Cup Final"]
[Site "Serpuhov RUS"]
[Date "2008.11.07"]
[Round "2.1"]
[White "Iordachescu,V"]
[Black "Tregubov,P"]
[Result "1/2-1/2"]
[WhiteElo "2572"]
[BlackElo "2646"]

1.e4 c5 2.Nf3 e6 3.Nc3 Nc6 4.d4 cxd4 5.Nxd4 Nf6 6.Nxc6 bxc6 7.e5 Nd5 8.Ne4 Bb7
9.Be2 c5 10.O-O Qc7 11.c4 Ne3 12.Bxe3 Bxe4 13.Bf4 Be7 14.f3 Bc6 15.Qd2 O-O
16.Rac1 Rab8 17.Rc3 a5 18.Bd1 a4 19.Bc2 Rb7 20.Re1 Rfb8 21.b3 axb3 22.axb3 Ra8
23.Be4 Bxe4 24.Rxe4 Ra3 25.Ree3 Qa5 26.Red3 Ra1+ 27.Rc1 Qxd2 28.Bxd2 Ra3
29.Rb1 Kf8 30.Kf1 Ke8 31.Ke2 Ra2 32.Kd1 g5 33.Rc3 Rb6 34.Rc2 Ra3 35.Rc3 f6
36.f4 gxf4 37.Bxf4 fxe5 38.Bxe5 d6 39.Bf4 Bf6 40.Rh3 Ra2 41.Rh6 Kf7 42.Rxh7+ Kg6
43.Rd7 e5 44.Bd2 e4 45.g4 Bg5 46.Bxg5 Kxg5 47.Re7 Kf4 48.g5 d5 49.cxd5 Rd6
50.Kc1 Rxd5 51.Rb2 Ra1+ 52.Rb1 Rxb1+ 53.Kxb1 Rxg5 54.h4 Rg2 55.Kc1 Ke3 56.h5 Kd3
57.h6 Rh2 58.h7 e3 59.Rd7+ Kc3 60.Kd1 e2+ 61.Ke1 Kxb3 62.Kd2 e1=Q+ 63.Kxe1 c4
64.Rb7+ Kc2 65.Kf1 c3 66.Kg1 Rh6 67.Kg2 Kc1 68.Kg3 c2 69.Kg4 Kd2 70.Rd7+ Ke2
71.Rc7 Rxh7 72.Rxc2+  1/2-1/2

[Event "Russia Cup Final w"]
[Site "Serpuhov RUS"]
[Date "2008.11.08"]
[Round "2.2"]
[White "Stjazhkina,O"]
[Black "Stepovaia Dianchenko,T"]
[Result "0-1"]
[WhiteElo "2272"]
[BlackElo "2386"]

1.e4 c5 2.Nc3 e6 3.Nge2 Nc6 4.d4 cxd4 5.Nxd4 Nf6 6.Ndb5 Bb4 7.a3 Bxc3+ 8.Nxc3 d5
9.exd5 exd5 10.Bd3 h6 11.O-O O-O 12.Bf4 d4 13.Nb5 Ne8 14.Be4 Qb6 15.Bxc6 bxc6
16.Nxd4 Ba6 17.Nf5 Bxf1 18.Qg4 Kh7 19.Re1 c5 20.Kxf1 Qg6 21.Qf3 Qxf5 22.Qxa8 Qxf4
23.Rxe8 Qc1+ 24.Ke2 Qxc2+ 25.Kf3 Qb3+ 26.Kf4 g5+ 27.Ke5 Qxb2+ 28.Kd5 Qd4+
29.Kc6 Rxe8  0-1

[Event "12th OIBM"]
[Site "Bad Wiessee GER"]
[Date "2008.11.09"]
[Round "9"]
[White "Kraemer,St"]
[Black "Mainka,R"]
[Result "1/2-1/2"]
[WhiteElo "2264"]
[BlackElo "2482"]

1.e4 c5 2.Nf3 e6 3.d4 cxd4 4.Nxd4 Nc6 5.Nc3 a6 6.Be3 Nf6 7.Bd3 d6 8.O-O Be7
9.Kh1 O-O 10.a3 Ne5 11.f4 Nxd3 12.cxd3 Bd7 13.Qb3 b5 14.Rfc1 Qb8 15.Na2 Qb7
16.a4 e5 17.Nf5 Bxf5 18.exf5 Nd5 19.Bd2 Nxf4 20.Bxf4 exf4 21.Rf1 Rac8 22.Nc3 b4
23.Rxf4 a5 24.Raf1 Bf6 25.Nd5 Be5 26.Rg4 Rc5 27.Ne3 h5 28.Rh4 Re8 29.d4 Bf6
30.dxc5 Bxh4 31.cxd6 Qe4 32.d7 Rd8 33.Qc4 Qxe3 34.Qxh4 Rxd7 35.Qxh5 Qe5 36.b3 Rd2
37.Rc1 Qc3 38.Rd1 Qe5 39.Rc1 Qc3 40.Rd1  1/2-1/2

[Event "Russia Cup Final"]
[Site "Serpuhov RUS"]
[Date "2008.11.09"]
[Round "3.1"]
[White "Nepomniachtchi,I"]
[Black "Zvjaginsev,V"]
[Result "1/2-1/2"]
[WhiteElo "2616"]
[BlackElo "2646"]

1.e4 c5 2.Nf3 e6 3.d4 cxd4 4.Nxd4 Nc6 5.Nc3 d6 6.Be3 Nf6 7.Bc4 Be7 8.Qe2 O-O
9.O-O-O Bd7 10.Rhg1 Na5 11.Bd3 Rc8 12.g4 g6 13.g5 Nh5 14.Nb3 Rxc3 15.bxc3 Qc7
16.Kb1 e5 17.Nxa5 Qxa5 18.Bc4 Qxc3 19.Bb3 a5 20.Qc4 Qxc4 21.Bxc4 b5 22.Be2 Rc8
23.Bxh5 gxh5 24.Bb6 a4 25.f3 b4 26.Ba5 Rc4 27.Bd8 Kf8 28.Bxe7+ Kxe7 29.Rd3 Be6
30.Rgd1 d5 31.Re1 d4 32.a3 h4 33.axb4 Rxb4+ 34.Kc1 Kf8 35.Ra3 Kg7 36.Rf1 Kg6
37.f4 exf4 38.Rxf4 Kxg5 39.Rf2 Kg6 40.Kd2 Kg7 41.Kd3 Bd7 42.Rf4 Bb5+ 43.Kd2 d3
44.Kc3 dxc2 45.Kxc2 Bc6 46.Rg4+ Kf8 47.Rxh4 Rxe4 48.Rxh7 Rb4 49.Kc3 Rb3+
50.Rxb3 axb3 51.Kxb3 Bd5+ 52.Kc3 Kg8 53.Rh3 Be6 54.Rg3+ Kh7 55.Kd4 Ba2 56.Ke5 Be6
57.Kf6 Ba2 58.Ke7 Be6 59.Kf8 Kh6 60.Ke7 Kh7 61.Rg5 Kh6 62.Rg8 Kh7 63.Kf8 Bb3
64.Rg4 Kh6 65.Rh4+ Kg6 66.Rh8 Bc4 67.Rh3 Be6 68.Rh4 Bb3 69.Rg4+ Kh7 70.Ke7 Be6
71.Rg1 Kh8 72.Kf6 Kh7 73.Kg5 Kg7 74.Rg3 Kh7 75.Kh5 Bd5 76.Kg4 Be6+ 77.Kg5 Kg7
78.Rg1 Kh7 79.Kf6 Bb3 80.Ke7 Be6 81.Kf8 Bb3 82.Rg7+ Kh6 83.Kg8 Bc4 84.h4 f5+
85.Kh8 Be2 86.Rg5 f4 87.Rf5 Bg4 88.Rg5  1/2-1/2

[Event "Russia Cup Final"]
[Site "Serpuhov RUS"]
[Date "2008.11.09"]
[Round "3.1"]
[White "Amonatov,F"]
[Black "Bocharov,D"]
[Result "0-1"]
[WhiteElo "2634"]
[BlackElo "2597"]

1.e4 c5 2.Nf3 Nc6 3.d4 cxd4 4.Nxd4 e6 5.Nc3 Qc7 6.Be3 a6 7.Qd2 Nf6 8.O-O-O Bb4
9.f3 Ne5 10.Nb3 b5 11.Qe1 Rb8 12.Qg3 Nh5 13.Qg5 g6 14.Bd4 f6 15.Qe3 Be7 16.Kb1 Nc6
17.g4 Nxd4 18.gxh5 Nxb3 19.axb3 g5 20.h4 Qf4 21.Qxf4 gxf4 22.Ne2 Rg8 23.Bh3 Bc5
24.Nxf4 Ke7 25.c3 Bb7 26.b4 Be3 27.Ne2 Rbd8 28.Kc2 d5 29.Rd3 Bf2 30.exd5 Rxd5
31.Rxd5 Bxd5 32.Nf4 Bxf3 33.Rf1 Be4+ 34.Kb3 Bxh4 35.Bxe6 Rd8 36.c4 Rd2 37.Bd5 f5
38.Bxe4 fxe4 39.Kc3 e3 40.Rf3 Bf6+ 41.Kb3 Bd4 42.Nd5+ Ke6 43.Rf8 Rxb2+ 44.Ka3 bxc4  0-1

[Event "FSGM November"]
[Site "Budapest HUN"]
[Date "2008.11.10"]
[Round "10"]
[White "Recuero Guerra,D"]
[Black "Thorfinnsson,Br"]
[Result "1-0"]
[WhiteElo "2425"]
[BlackElo "2383"]

1.e4 c5 2.Nf3 e6 3.d4 cxd4 4.Nxd4 Nc6 5.Nc3 Qc7 6.Be3 a6 7.Qd2 Nf6 8.O-O-O Be7
9.f3 O-O 10.g4 b5 11.g5 Ne8 12.Nxc6 dxc6 13.f4 Nd6 14.Bd3 Rb8 15.e5 Nf5 16.Ne4 Rd8
17.Qf2 Rd5 18.Nf6+ gxf6 19.gxf6 Rxd3 20.Rxd3 Bxf6 21.exf6 c5 22.Bxc5 Bb7
23.Rhd1 Rc8 24.Bb6  1-0

[Event "Open"]
[Site "Kaikoura NZL"]
[Date "2008.11.12"]
[Round "9"]
[White "Toth,And1"]
[Black "Johansen,D"]
[Result "1/2-1/2"]
[WhiteElo "2401"]
[BlackElo "2446"]

1.e4 c5 2.Nf3 e6 3.d4 cxd4 4.Nxd4 Nc6 5.Nc3 d6 6.Be2 Nf6 7.O-O Be7 8.Be3 O-O
9.f4 e5 10.fxe5 dxe5 11.Nf5 Bxf5 12.Rxf5 Qa5 13.Kh1 Rad8 14.Bd3 Nd4 15.Rf2 a6
16.h3 Rd7 17.Bg5 Qd8 18.Bxf6 Bxf6 19.Qg1 Bg5 20.Nd5 Rd6 21.c3 Ne6 22.g3 Nc7
23.Bc4 b5 24.Bb3 Nxd5 25.Bxd5 Rf6 26.Rxf6 Bxf6 27.Rd1 Qe7 28.Bb3  1/2-1/2

[Event "38th Olympiad"]
[Site "Dresden GER"]
[Date "2008.11.13"]
[Round "1"]
[White "Yu,Ma"]
[Black "Steel,H"]
[Result "1/2-1/2"]
[WhiteElo "2006"]
[BlackElo "2280"]

1.e4 c5 2.Nf3 e6 3.d4 cxd4 4.Nxd4 Nc6 5.Nc3 a6 6.Be3 Nf6 7.Be2 Qc7 8.O-O Bb4
9.Na4 O-O 10.Nxc6 bxc6 11.Qd4 Bd6 12.Kh1 Be5 13.Qd3 d5 14.exd5 cxd5 15.c4 Bd7
16.f4 dxc4 17.Qxc4 Bb5 18.Qxc7 Bxc7 19.Nc3 Bxe2 20.Nxe2 Rfd8 21.Rad1 Nd5
22.Bc5 Rac8 23.b4 Bd6 24.Rc1 g6 25.a3 Nf6 26.g3 h5 27.Rfd1 Ne4 28.Kg2 Bxc5
29.Rxd8+ Rxd8 30.bxc5 Rc8 31.c6 Kf8 32.Nd4 Ke7 33.Kf3 Nd6 34.Rb1 Nb5 35.Nxb5 axb5
36.Rxb5 Rxc6 37.Rb7+ Kf6 38.Ra7 Rc2 39.h3 Rh2 40.h4 Rb2 41.a4 Rb3+ 42.Kf2 Rb2+
43.Kf3 Rb3+ 44.Kf2 Rb2+  1/2-1/2

[Event "38th Olympiad"]
[Site "Dresden GER"]
[Date "2008.11.13"]
[Round "1"]
[White "Solomon,SJ"]
[Black "Laznicka,V"]
[Result "0-1"]
[WhiteElo "2470"]
[BlackElo "2591"]

1.e4 c5 2.Nf3 e6 3.d4 cxd4 4.Nxd4 Nc6 5.Nc3 a6 6.Nxc6 bxc6 7.Bd3 d5 8.O-O Nf6
9.Re1 Be7 10.e5 Nd7 11.Qg4 g6 12.Na4 h5 13.Qe2 Nb6 14.Nxb6 Qxb6 15.c4 d4
16.Be4 Rb8 17.Bf4 c5 18.b3 Bb7 19.Qd2 Qd8 20.Qd3 h4 21.h3 Kf8 22.Bxg6 fxg6
23.Qxg6 Qe8 24.Bh6+ Rxh6 25.Qxh6+ Kg8 26.Qxe6+ Kh7 27.Qg4 Qg6 28.f4 Rg8 29.Qxg6+ Kxg6
30.Rad1 Kf5 31.Rd2 Rg3 32.e6 d3 33.Rf2 Be4 34.Kf1 Rg6 35.Re3 Rxe6 36.Rd2 Bxg2+
37.Kf2 Be4 38.a3 Bf6 39.Rexd3 Bxd3 40.Rxd3 Bd4+ 41.Kf1 Ke4 42.Rd1 Rg6 43.f5 Rg3
44.Ke2 Rxb3 45.Ke1  0-1

[Event "38th Olympiad"]
[Site "Dresden GER"]
[Date "2008.11.13"]
[Round "1"]
[White "Meier,Geo"]
[Black "Cheparinov,I"]
[Result "1-0"]
[WhiteElo "2558"]
[BlackElo "2696"]

1.e4 c5 2.Nf3 e6 3.d4 cxd4 4.Nxd4 Nc6 5.Nc3 d6 6.g4 a6 7.Be3 Nge7 8.f4 b5
9.Nb3 Ng6 10.Qf3 Qh4+ 11.Bf2 Qf6 12.Bg3 Nce5 13.Qe3 Nxg4 14.Qe2 h5 15.e5 dxe5
16.Bg2 Ra7 17.fxe5 Qg5 18.O-O h4 19.Ne4 Qh5 20.Bf2 Nf4 21.Qf3 Nxf2 22.Qxf2 Qg6
23.Qxf4 h3 24.Rf2 Bb7 25.Rd1 Be7 26.Nf6+ Kf8 27.Rd7 Bxg2 28.Rxa7 Rh6 29.Rxe7  1-0

[Event "38th Olympiad"]
[Site "Dresden GER"]
[Date "2008.11.13"]
[Round "1"]
[White "Abu Sufian,S"]
[Black "Stellwagen,D"]
[Result "0-1"]
[WhiteElo "2418"]
[BlackElo "2605"]

1.e4 c5 2.Nf3 e6 3.d4 cxd4 4.Nxd4 Nc6 5.Nc3 Qc7 6.Be2 a6 7.O-O Nf6 8.Be3 Be7
9.f4 d6 10.Qe1 O-O 11.Qg3 Nxd4 12.Bxd4 b5 13.a3 Bb7 14.Rae1 Rad8 15.Bd3 Rd7
16.Kh1 Qd8 17.Nd1 g6 18.Qh3 Re8 19.Ne3 Bf8 20.Bxf6 Qxf6 21.e5 Qd8 22.Ng4 Bg7
23.Nh6+ Kf8 24.Nxf7 Rxf7 25.Qxh7 Ke7 26.Qh4+ Kd7 27.Qg4 Rg8 28.Qxg6 Rff8
29.exd6 Bf6 30.Qh7+ Rg7  0-1

[Event "38th Olympiad"]
[Site "Dresden GER"]
[Date "2008.11.13"]
[Round "1"]
[White "Mammadov,R"]
[Black "Colovic,A"]
[Result "1-0"]
[WhiteElo "2121"]
[BlackElo "2458"]

1.e4 c5 2.Nf3 e6 3.d4 cxd4 4.Nxd4 Nc6 5.Nc3 Qc7 6.Be2 a6 7.O-O Nf6 8.Be3 Bb4
9.Na4 Be7 10.Nxc6 bxc6 11.Nb6 Rb8 12.Nxc8 Qxc8 13.e5 Nd5 14.Bc1 Bc5 15.Kh1 Qc7
16.f4 O-O 17.Bxa6 f6 18.exf6 Rxf6 19.Bd3 Be3 20.g3 Qa7 21.b3 Bd4 22.Bd2 Bxa1
23.Qxa1 Nb4 24.Bc3 Rf7 25.Bxb4 Rxb4 26.a4 Qa5 27.Qe1 Qd5+ 28.Kg1 Qc5+ 29.Kg2 Re7
30.Rf3 d6 31.Qe2 Rb8 32.Bc4 d5 33.Bd3 Qd6 34.Re3 c5 35.Re5 Rf8 36.h4 Rf6
37.h5 Rc7 38.Kh2 Qc6 39.c4 d4 40.Rg5 Rc8 41.Qe5 Kh8 42.Qe2 Rb8 43.Bc2 Rbf8
44.Qd3 Rh6 45.Qe2 Rhf6 46.a5 Rd8 47.Bd3 Rb8 48.Bc2 Rd8 49.Re5 Kg8 50.Qd3 Rh6
51.Bd1 Qc7 52.Qd2 d3 53.Bf3 Rf6 54.Re3 Rd4 55.a6 Qb6 56.Rxd3 Rxd3 57.Qxd3 Qxa6
58.Be4 Rf8 59.Bxh7+ Kh8 60.Be4 Qb6 61.Qf3 Qb4 62.Qg4 Qd2+ 63.Kh3 Rf6 64.Qg5 Qd4
65.Bg6 Qg1 66.Qe5 Rf8 67.Be4 Qf1+ 68.Kh4 Qf2 69.Qd6 Qh2+ 70.Kg4 Re8 71.Qxc5 Qe2+
72.Bf3 Qd3 73.b4 e5 74.Qc6 Rf8 75.Be4 Qe2+ 76.Bf3 Qd3 77.Qg6 Qxc4 78.Be4 Qc8+
79.Bf5 Rxf5 80.Qxf5 Qb8 81.Qxe5 Qxb4 82.h6  1-0

[Event "38th Olympiad"]
[Site "Dresden GER"]
[Date "2008.11.13"]
[Round "1"]
[White "Kovacevic,A"]
[Black "Sunye Neto,J"]
[Result "1/2-1/2"]
[WhiteElo "2581"]
[BlackElo "2488"]

1.e4 c5 2.Nf3 e6 3.d4 cxd4 4.Nxd4 Nc6 5.Nc3 Qc7 6.Be2 a6 7.O-O Nf6 8.Be3 Be7
9.f4 d6 10.a4 O-O 11.Kh1 Bd7 12.Nb3 b6 13.g4 Bc8 14.g5 Nd7 15.Bf3 Re8 16.Bg2 Bf8
17.Qe1 Nb4 18.Qf2 Bb7 19.Rad1 Nc5 20.Rd4 Nc6 21.Rd2 Rac8 22.Rfd1 Na5 23.Nxc5 bxc5
24.b3 Nc6 25.e5 Nd4 26.exd6 Bxg2+ 27.Qxg2 Bxd6 28.Ne4 Bf8 29.Bxd4 cxd4 30.Rf2 Red8
31.Rd3 Be7 32.Qf3 Rd5 33.Kg2 Rcd8 34.h4 Rf8 35.c4 dxc3 36.Rxd5 c2 37.Rxc2 Qxc2+
38.Rd2 Qc7 39.f5 exf5 40.Qxf5 g6 41.Qf3 Qe5 42.Re2 Qd4 43.Rd2 Qe5 44.Re2 Qd4
45.Rd2  1/2-1/2

[Event "38th Olympiad w"]
[Site "Dresden GER"]
[Date "2008.11.13"]
[Round "1"]
[White "Bjerke,S"]
[Black "Djingarova,E"]
[Result "1-0"]
[WhiteElo "2204"]
[BlackElo "2352"]

1.e4 c5 2.Nf3 e6 3.d4 cxd4 4.Nxd4 Nc6 5.Nc3 Qc7 6.Be2 a6 7.O-O Nf6 8.Be3 Bb4
9.Na4 Be7 10.Nxc6 bxc6 11.Nb6 Rb8 12.Nxc8 Qxc8 13.Bd4 Qc7 14.Qd3 O-O 15.b3 e5
16.Bb2 d5 17.exd5 cxd5 18.Qf5 Bd6 19.Bxa6 Rb4 20.g3 Ne4 21.Bd3 g6 22.Qh3 Nd2
23.Rfc1 Nf3+ 24.Kh1 Qa7 25.Qg2 e4 26.Be2 Be5 27.Bxe5 Nxe5 28.Rd1 Qc5 29.Rd2 f5
30.Rad1 Rd8 31.a3 Rb7 32.b4 Qc6 33.Qf1 Rbb8 34.c4 Qa4 35.Rxd5 Rxd5 36.Rxd5 Nf7
37.Ra5 Qc2 38.Qd1 Qa2 39.Rd5 Qxa3 40.b5 Qc3 41.Rd7 f4 42.gxf4 Ra8 43.Qd5 Ra1+
44.Kg2 Qf6 45.Qd4  1-0

[Event "38th Olympiad w"]
[Site "Dresden GER"]
[Date "2008.11.13"]
[Round "1"]
[White "Beltz,F"]
[Black "Vega Gutierrez,S"]
[Result "0-1"]
[WhiteElo "2109"]
[BlackElo "2278"]

1.e4 c5 2.Nf3 e6 3.d4 cxd4 4.Nxd4 Nc6 5.Nc3 a6 6.Be3 Nf6 7.f3 d5 8.exd5 Nxd5
9.Nxd5 Qxd5 10.Nxc6 Qxc6 11.Bd4 f6 12.Bd3 e5 13.Qe2 Be6 14.Bc3 Bc5 15.a3 Rc8
16.Qe4 Bd5 17.Qh4 Kf7 18.Qh5+ g6 19.Qh6 Qb6 20.Kd2 Bd4 21.h4 Bxc3+ 22.bxc3 Qf2+
23.Kc1 Rxc3 24.h5 Rxd3 25.hxg6+ Ke6 26.Qh3+ f5 27.gxh7 Qe3+ 28.Kb1 Rb3+ 29.cxb3 Qxb3+
30.Kc1 Rc8+ 31.Kd2 Rc2+  0-1

[Event "38th Olympiad w"]
[Site "Dresden GER"]
[Date "2008.11.13"]
[Round "1"]
[White "Dembo,Y"]
[Black "Mongontuul,B"]
[Result "0-1"]
[WhiteElo "2446"]
[BlackElo "2410"]

1.e4 c5 2.Nf3 e6 3.Nc3 Nc6 4.d4 cxd4 5.Nxd4 d6 6.g4 Be7 7.Be3 Nf6 8.g5 Nd7
9.Rg1 O-O 10.Qh5 Re8 11.O-O-O a6 12.f4 Nf8 13.f5 Nxd4 14.Bxd4 exf5 15.Nd5 Ng6
16.Bb6 Qd7 17.Nc7 Qc6 18.Nxa8 Be6 19.Bd4 Rxa8 20.Qe2 fxe4 21.Kb1 b5 22.Bg2 d5
23.Qd2 Rc8 24.Rc1 Bd6 25.Rh1 Bf4 26.Be3 Be5 27.c3 Qd6 28.h4 Nf4 29.Bf1 b4
30.Bd4 Bf5 31.Ka1 a5 32.Bb5 Rb8 33.Bxe5 Qxe5 34.Rhf1 Ne6 35.Bd7 e3 36.Qe2 bxc3
37.bxc3 d4 38.Bxe6 fxe6 39.Rfe1 d3 40.Qxe3 Qxe3 41.Rxe3 d2  0-1

[Event "38th Olympiad w"]
[Site "Dresden GER"]
[Date "2008.11.13"]
[Round "1"]
[White "Krivec,J"]
[Black "Wagener,A"]
[Result "1-0"]
[WhiteElo "2345"]
[BlackElo "2246"]

1.e4 c5 2.Nc3 e6 3.Nf3 Nc6 4.d4 cxd4 5.Nxd4 Qc7 6.g3 a6 7.Bg2 d6 8.O-O Bd7
9.Re1 Be7 10.Nb3 Nf6 11.f4 O-O 12.g4 Rfd8 13.g5 Ne8 14.Qh5 Nb4 15.Qe2 Bf8
16.Be3 b5 17.Qf2 Rab8 18.Rf1 Nc6 19.Qh4 b4 20.Ne2 g6 21.Rf3 Be7 22.Rh3 h5
23.Ng3 Ng7 24.Bf3 Bf8 25.Rf1 Ne7 26.Bxh5 gxh5 27.f5 exf5 28.Bd4 Ng6 29.Nxh5 Be7
30.Nf6+ Bxf6 31.Qh7+ Kf8 32.gxf6 Be6 33.Qh8+  1-0

[Event "38th Olympiad"]
[Site "Dresden GER"]
[Date "2008.11.14"]
[Round "2"]
[White "Ivanchuk,V"]
[Black "Ivanisevic,I"]
[Result "1-0"]
[WhiteElo "2786"]
[BlackElo "2658"]

1.e4 c5 2.Nf3 e6 3.d4 cxd4 4.Nxd4 Nc6 5.Nc3 Qc7 6.Be2 Nf6 7.f4 Nxd4 8.Qxd4 Bc5
9.Qd3 d5 10.exd5 exd5 11.Be3 O-O 12.Bxc5 Qxc5 13.O-O-O Ne4 14.Nxe4 dxe4 15.Qd4 Qf5
16.Rhf1 Be6 17.a3 Rac8 18.g4 Qc5 19.Qxe4 Rfe8 20.Bd3 g6 21.Qg2 Bd5 22.Qd2 Re3
23.Rfe1 Rh3 24.Re5 f6 25.Bf5 fxe5 26.Bxc8 Bf7 27.Qd8+  1-0

[Event "38th Olympiad"]
[Site "Dresden GER"]
[Date "2008.11.14"]
[Round "2"]
[White "Leyva,H"]
[Black "Zhao Zong Yuan"]
[Result "1-0"]
[WhiteElo "2399"]
[BlackElo "2567"]

1.e4 c5 2.Nf3 Nc6 3.d4 cxd4 4.Nxd4 e6 5.Nc3 Nf6 6.Ndb5 d6 7.Bf4 e5 8.Bg5 a6
9.Na3 b5 10.Nd5 Be7 11.Bxf6 Bxf6 12.c4 b4 13.Nc2 a5 14.b3 O-O 15.g3 Bg5 16.Bg2 Ne7
17.O-O Nxd5 18.Qxd5 Be6 19.Qd3 Qb6 20.Rad1 Rad8 21.Kh1 f5 22.f4 Bh6 23.Ne3 fxe4
24.Qxe4 Kh8 25.f5 Bg8 26.Nd5 Bxd5 27.Rxd5 Be3 28.Rb5 Qd4 29.Rxa5 h6 30.Rd5 Qxe4
31.Bxe4 Bc5 32.Kg2 h5 33.Rd3 Rf6 34.h3 Kh7 35.g4 Kh6 36.Rg3 g5 37.h4 gxh4
38.g5+ Kh7 39.Rh3 Rg8 40.g6+ Kg7 41.Rxh4 Rh8 42.Rfh1 Be3 43.Rxh5 Bh6 44.Kf3 Rff8
45.Bd5 Rf6 46.Ke4  1-0